LEADER 01001nam a2200241 a 4500 001 000000118951 003 CaOOAMICUS 005 20091218103602.0 008 091218s1985 be u000 u fre r 040 $aPUL$bita$dMCT 100 1 $aPastoureau, Michel,$d1947-$0(OLS)http://pul/name/18370 245 14$aLes armoiries /$cM. Pastoureau. 260 $aTurnhout :$bBrepols,$c1985. 300 $a12 p. ;$c24 cm 490 1 $aTypologie des sources du Moyen Âge Occidental 500 $aSul front.: "Mise à jour du fascicule n. 20". 650 4$aAraldica$yEvo Medio.$0(OLS)http://pul/subject/36159 830 0$aTypologie des sources du Moyen Âge Occidental.$0(OLS)http://pul/title/745 850 $aPUL 852 $aPUL$W1$xSL Cons. Gen., Altre Classi 1$y1$m2022 A 20bis$j136496$qStampati$B135484$CPULBib$Z2$F135484 $H57962 $82 941 1 $a8 996 $6245$aLes armoiries$9(OLS)http://pul/title/149643 996 $6260$aTurnhout :$bBrepols$9(OLS)http://pul/publisher/47850 LEADER 01695nam a2200337 u 4500 001 000000019527 003 CaOOAMICUS 005 20091030122819.0 008 940509s1973 it ac u000 u ita u 035 $a10470092 040 $aPUL(R)$bita 245 00$aTeresa di Lisieux :$besperienza e messaggio /$c[hanno collaborato al presente volume: Em.mo Card. Pericle Felici ... [et al]]. 260 $aRoma :$bEdizioni del Teresianum,$c1973. 300 $a259 p., [1] c. di tav. :$britr. ;$c21 cm 490 1 $aFiamma viva ;$v14 600 04$aTheresia a Iesu Infante,$cs.,$d1873-1897.$0(OLS)http://pul/subject/13200 710 2 $aTeresianum.$0(OLS)http://pul/name/105445 830 0$aFiamma viva ;$v14.$0(OLS)http://pul/title/9163 850 $aPUL 852 $aPUL$W1$xDP1 Fondo Pastorale$y55$mP19 C 38$j27419$nBK-PRI$b $qFondi$B27419$CPULBib$Z2$F27419 $H $81 910 $aPontificio Istituto di Spiritualità "Teresianum" (Roma)$9105445 910 $aPontificia Facoltà Teologica "Teresianum"$9105445 910 $aPontificia Facultas Theologica SS. Teresiae a Iesu et Ioannis a Cruce in Urbe$9105445 910 $aPontificia Facoltà teologica e Pontificio Istituto di spiritualità "Teresianum"$9105445 941 1 $a1 960 $aTeresia a Iesu Infante,$cs.,$d1873-1897$913200 960 $aTeresa di Lisieux,$cs.,$d1873-1897$913200 960 $aMartin, The?re?se Franc?oise Marie,$csuora,$d1873-1897$913200 961 $aINV: Dedica autografa di uno dei curatori. 996 $6245$aTeresa di Lisieux :$besperienza e messaggio$9(OLS)http://pul/title/27665 996 $6260$aRoma :$bEdizioni del Teresianum$9(OLS)http://pul/publisher/56159